Normal view MARC view
  • Syed Ali Raza Bukhari

Entry Personal Name

Number of records used in: 1

001 - CONTROL NUMBER

  • control field: 84261

003 - CONTROL NUMBER IDENTIFIER

  • control field: NUST

005 - DATE AND TIME OF LATEST TRANSACTION

  • control field: 20211116151647.0

008 - FIXED-LENGTH DATA ELEMENTS

  • fixed length control field: 211116|| aca||aabn | a|a d

040 ## - CATALOGING SOURCE

  • Original cataloging agency: NUST
  • Transcribing agency: NUST

100 ## - HEADING--PERSONAL NAME

  • Personal name: Syed Ali Raza Bukhari

670 ## - SOURCE DATA FOUND

  • Source citation: Work cat.: (NUST): Syed Ali Raza Bukhari , TH-SOF-1859-Development Of Resonant And Non-Resonant MEMS Gyroscopes Using Commercial Foundry Process And Design Of Compensation Circuitry For Frequency Drift, Quadrature Error And Scale Factor Error, 2021.
© 2023 Central Library, National University of Sciences and Technology. All Rights Reserved.